Introduction to Mathematical Statistics: (Record no. 185531)

MARC details
000 -LEADER
fixed length control field 00686nam a22001937a 4500
005 - DATE AND TIME OF LATEST TRANSACTION
control field 20220203144342.0
010 ## - LCCN (DPL NO)
LC control number ENG-131384
020 ## - INTERNATIONAL STANDARD BOOK NUMBER
International Standard Book Number 9789353946760
Terms of availability 999.00
035 ## - SYSTEM CONTROL NUMBER
System control number EN-114916
037 ## - SOURCE OF ACQUISITION
Source of stock number/acquisition DBAD
082 ## - DEWEY DECIMAL CLASSIFICATION NUMBER
Classification number 519.5
100 ## - MAIN ENTRY--PERSONAL NAME
Personal name Hogg, Robert V.
245 ## - TITLE STATEMENT
Title Introduction to Mathematical Statistics:
Statement of responsibility, etc Robert V. Hogg, Jospeh W. Mckean, Allen T. Craig
250 ## - EDITION STATEMENT
Edition statement 8th Edition
260 ## - PUBLICATION, DISTRIBUTION, ETC. (IMPRINT)
Place of publication, distribution, etc Uttar Pradesh
Name of publisher, distributor, etc Pearson India Education Services
Date of publication, distribution, etc 2022
270 ## - ADDRESS
Address 15th Flooor, Tower-B, World Trade Tower, Plot No. 1, Block-C, Sector-16
City Noida
Postal code 201301
Electronic mail address companysecretary.india@pearson.com
300 ## - PHYSICAL DESCRIPTION
Extent 760p.
Dimensions 25cm(pbk)
942 ## - ADDED ENTRY ELEMENTS (KOHA)
Source of classification or shelving scheme Dewey Decimal Classification
Item type English Books
Classification part 517.5
Call number suffix HOG
Holdings
Withdrawn status Lost status Not for loan Collection code Home library Current library Date acquired Source of acquisition Cost, normal purchase price Full call number Barcode Copy number Cost, replacement price Koha item type
      Non-fiction Bawana Bawana 03/02/2022 DBAD/PUB 999.00 517.5 HOG EN-114916 1 999.00 English Books

© Delhi Public Library
Hit Counter
free hit counter